Sancho Panza : compendio de refranes y fábulas para ejercicios de lectura elemental

Gespeichert in:
Bibliographische Detailangaben
Weitere Verfasser: Serra Masana, J.
Format: Buch
Sprache:Spanisch
Erschienen: Barcelona : I. G. Seix y Barral Hnos. , 1935
Ausgabe:2ª ed.
Katalog:MANES:  Suchergebnis im Bibliothekskatalog
Schulbuchspezifische Eigenschaften:
Tags: Tag hinzufügen
Keine Tags, Fügen Sie den ersten Tag hinzu!
Hinzugefügt zu:24.11.1991
Geändert in:07.05.2025

MARC

LEADER 00000cam a2200000 1 4500
005 20250507134515.0
008 911125s1935 espa 000 1 spa
040 |a uned  |b spa  |c entro-manes 
245 1 0 |a Sancho Panza  |b  : compendio de refranes y fábulas para ejercicios de lectura elemental  |c  / ilustraciones de J. Serra Masana 
250 |a 2ª ed. 
260 |a Barcelona  |b  : I. G. Seix y Barral Hnos.  |c , 1935 
300 |a 120 p.  |b  : il  |c  ; 17 cm 
546 |a España 
561 |5 es-BUNED  |3 L.T. 2763  |a España. Fondo Manes UNED  |k MANES 
700 1 |a Serra Masana, J.  |9 39596 
942 |2 ddc  |c BK 
999 |c 96032  |d 96032 
999 |c manes:96032  |d 96032